000 00959nas a2200289 4500
001 BR8200407
003 BR-BrBNA
005 20231205084958.0
007 ta
008 230509b bl.|||p| |||| 00| 00por d
040 _aBR-BrBNA
_bpor
_cBiblioteca Nacional de Agricultura
041 _a(Pt)
072 _aH20
100 1 _aRios, G.P.
100 1 _aSalgado, C.L.
100 1 _aBalmer, E.
245 1 _aEsporulacao de Helminthosporium carbonum Ullstrup em segmentos de folhas de milho (Zea mays L.)destacadas [Helmintosporiose]
246 1 _aSporulation of Helminthosporium carbonum on detached leaf segments of corn [Helminthosporium]
650 _aDoenca de planta
650 _aMilho
650 _aHelmintosporiose
650 _aFolha
650 _aEsporulacao
773 0 _tFitopatologia Brasileira (Brazil)
_xISSN 0100-4158
_g(Oct 1981), v. 6(3) p. 377-386
_wBR8200407
909 _a202311
_bLúcia
_c55
_dLúcia Elande
942 _2AGRIS
_n0
_cANA
999 _c108505
_d108505